| 000 | 00612nam a2200193 i 4500 | ||
|---|---|---|---|
| 001 | 172814 | ||
| 003 | ES-MaACL | ||
| 005 | 20250831035935.0 | ||
| 008 | 090910s2007 sp |||| | spa d | ||
| 080 | _a348.711.3 | ||
| 245 | 0 | 0 |
_aIdeario _b: movimiento laico y progresista. |
| 260 |
_aBarcelona : _bFundació Francesc Ferrer i Guàrdia, _c2007. |
||
| 300 |
_a29 p. ; _c21 cm. |
||
| 610 | 2 | 4 |
_aMoviment Laic i Progressista. _9141249 |
| 650 | 1 | 7 |
_aPrincipio de laicidad del Estado _2embne _9141250 |
| 710 | 2 |
_aFundación Francisco Ferrer. _9145187 |
|
| 852 |
_aES-MaACL _j2300-F-27 |
||
| 999 |
_c172814 _d172814 |
||